000 nam a22 a 4500
999 _c40
_d40
003 AKMAL
005 20170413124543.0
008 170413s1988 my 00 eng d
040 _aAKMAL
082 0 4 _a330
090 0 0 _a330
_bJOM
245 0 0 _aMahathir's economic policies /
_ceditor Jomo
260 _aKuala Lumpur :
_bInstitut Analisa Sosial,
_c1988
300 0 0 _axi, 129p. ;
_c21cm
504 _aIncludes bibliographies
650 0 _aMalaysia
_xEconomic policy
_y1981-
_9138
650 0 _aMalaysia
_xEconomic conditions
_y1981-
_9139
700 0 _aJomo K. S.
_q(Jomo Kwame Sundaram),
_d1952-
_9140
942 _2ddc
_cBOOK